000 00382nam a22001217a 4500
082 _a297.124
_bIBR
100 _aIbrahim Bin Abdullah
245 _aAina e Jamal e Nabuwwat: Hazoor PBUH kay huliya mubarik ki dilawaizi aur husn o raanai ka tazkira
_cIbrahim Bin Abdullah
260 _aLahore
_bDarussalam publishers
_c1996
300 _a87p
563 _aHB
942 _2ddc
_cBK
999 _c592030
_d592030